| 000 | 00896cab a2200277 4500 | ||
|---|---|---|---|
| 001 | WB3428-24 | ||
| 008 | 090401t1998 xxu||||| |||| 00| 0 eng d | ||
| 035 | _a(Sirsi) u87554 | ||
| 041 | _aeng | ||
| 245 | _aLondon returns reach new high | ||
| 260 | _c1998 | ||
| 350 | _a0 | ||
| 490 |
_aEstates Gazette _v(9829) 18 July 1998, 44(1) |
||
| 520 | _aThe first edition of Investment Property Databank`s London Residential Investment Index reports that returns on London property reached record highs in 1997. Graph. | ||
| 650 | _aHOUSING INVESTMENT | ||
| 650 | _aINVESTMENT PROPERTY DATABANK | ||
| 650 | _aIPD | ||
| 650 | _aLONDON | ||
| 650 | _aPROPERTY INDEX | ||
| 650 | _aRESIDENTIAL PROPERTY INVESTMENT | ||
| 650 |
_aRESIDENTIAL PROPERTY _96266 |
||
| 650 | _aRETURNS | ||
| 690 | _aPROPERTY-RESIDENTIAL PROPERTY-RESIDENTIAL PROPERTY MARKET | ||
| 942 | _n0 | ||
| 948 | _c22/07/1998 | ||
| 999 |
_c55240 _d55240 |
||